Vállalati fluktuáció és beavatkozási lehetőségek

Bibliográfiai részletek
Szerző: Petrányi Szilvia
További közreműködők: Szászvári Dr. Karina Ágnes
Dokumentumtípus: Projektmunka
Kulcsszavak:Fluktuáció
beavatkozás
lehetőségek
Online Access:http://dolgozattar.uni-bge.hu/11643

MARC

LEADER 00000nnm a2200000 i 4500
001 dolg11643
005 20170516121932.0
008 170516suuuu hu o 000 hun d
040 |a BGE Dolgozattár Repozitórium  |b hun 
041 |a hu 
100 1 |a Petrányi Szilvia 
245 1 0 |a Vállalati fluktuáció és beavatkozási lehetőségek  |c Petrányi Szilvia  |h [elektronikus dokumentum] 
516 |a Project_work 
695 |a Fluktuáció 
695 |a beavatkozás 
695 |a lehetőségek 
700 1 |a Szászvári Dr. Karina Ágnes  |e ths 
856 4 0 |u http://dolgozattar.uni-bge.hu/11643/1/Petr%C3%A1nyi%20Szilvia%2C%20V%C3%A1llalati%20fluktu%C3%A1ci%C3%B3%20%C3%A9s%20beavatkoz%C3%A1si%20lehet%C5%91s%C3%A9gek.pdf  |z Dokumentum-elérés 
856 4 0 |u http://dolgozattar.uni-bge.hu/11643/2/Titkos%C3%ADt%C3%A1si%20k%C3%A9relem.pdf  |z Dokumentum-elérés